000 00858nam a2200277 a 4500
001 25894
003 CO-ViMGA
008 141112s2004 ck r 000 u spa d
020 _a9786074422870
040 _aCO-ViMGA
_bspa
_cCO-ViMGA
041 _aSPA
082 0 4 _a658.8007 H27f
100 1 _aHernández Garnica, Clotilde
_940378
245 1 0 _aFundamentos de marketing /
_cClotilde Hernández Garnica, Claudio Alfonso Maubert Viveros
250 _a1a ed.
260 _aMéxico D.F. :
_bPearson,
_c2009
300 _a490 p. : il., fotos
490 _aEducación
500 _aIncluye índice analítico.
650 1 4 _aADMINISTRACION DE MERCADEO
_916865
650 1 4 _aANALISIS DE MERCADEO
_933498
650 1 4 _aMERCADEO
_9559
650 1 4 _aPLANIFICACION DE MERCADEO
_940379
700 1 _aMaubert Viveros, Claudio Alfonso
_940380
942 _2ddc
_cBK
999 _c5452
_d5452